000 00686cam a22002412 4500
999 _c16689
_d16689
001 0000020256
003 OSt
005 20181002153300.0
008 110906s xx 000 0 eng d
020 _a1416044710
040 _aKABU
_cKABU
245 1 0 _aManson's Tropical Diseases
_cedited by Gordon C. Cook and Alimuddin I. Zumla
250 _a22nd ed.
260 _aLondon :
_bSaunders,
_c2009.
300 _axx, 1830 p.
650 0 _aTropical medicine.
700 1 _aCook, Gordon.
700 1 _aZumla, Alimuddin.
908 _a110906
942 _2lcc
_cBK